| 000 | 00641nam a2200205 i 4500 | ||
|---|---|---|---|
| 001 | 68993 | ||
| 003 | ES-MaACL | ||
| 005 | 20230906170416.0 | ||
| 007 | t| | ||
| 008 | 040824s1909 fr ||||1| fre d | ||
| 100 | 1 |
_aJacob, Louis Frédéric Gustave. _965830 |
|
| 245 | 1 | 0 |
_aArtillerie navale / _cL. Jacob. |
| 260 |
_aParis : _b[s.n.], _c1909 ( _eTours : _fManie) |
||
| 300 |
_a2 v. ; _c19 cm. |
||
| 490 | 1 | _aEncyclopédie scientifique | |
| 505 | 8 | _aContiene: I. Les cannons. Les proyectiles -- II. Les affûts. Les poudres. Le tir | |
| 830 | 0 |
_aEncyclopédie scientifique _9180883 |
|
| 852 |
_aES-MaACL _jD-4366-7 |
||
| 999 |
_c68993 _d68993 |
||